La identidad de Europa (Record no. 179148)
[ view plain ]
| 000 -LEADER | |
|---|---|
| campo de control de longitud fija | 01915nam a2200337 4500 |
| 001 - NÚMERO DE CONTROL | |
| campo de control | 179148 |
| 003 - IDENTIFICADOR DE NÚMERO DE CONTROL | |
| campo de control | ES-MaACL |
| 005 - FECHA Y HORA DE LA ÚLTIMA TRANSACCIÓN | |
| campo de control | 20250428063008.0 |
| 008 - DATOS DE LONGITUD FIJA--INFORMACIÓN GENERAL | |
| campo de control de longitud fija | 110919s2008 sp |||| | spa d |
| 020 ## - NÚMERO INTERNACIONAL ESTÁNDAR DEL LIBRO | |
| Número Internacional Estándar del Libro | 978-84-96860-93-3 |
| 080 ## - NÚMERO DE LA CLASIFICACIÓN DECIMAL UNIVERSAL | |
| Número de la Clasificación Decimal Universal | 28:008(4)(091) |
| 080 ## - NÚMERO DE LA CLASIFICACIÓN DECIMAL UNIVERSAL | |
| Número de la Clasificación Decimal Universal | 316.72(4)(091) |
| 080 ## - NÚMERO DE LA CLASIFICACIÓN DECIMAL UNIVERSAL | |
| Número de la Clasificación Decimal Universal | 008(4) |
| 245 03 - MENCIÓN DEL TÍTULO | |
| Título | La identidad de Europa |
| Resto del título | : tradición clásica y modernidad / |
| Mención de responsabilidad, etc. | Dalmacio Negro Pavón, Pablo Sánchez Garrido (editores). |
| 250 ## - MENCION DE EDICION | |
| Mención de edición | 1ª ed. |
| 260 ## - PUBLICACIÓN, DISTRIBUCIÓN, ETC. | |
| Lugar de publicación, distribución, etc. | Madrid : |
| Nombre del editor, distribuidor, etc. | Fundación Universitaria San Pablo CEU, |
| Fecha de publicación, distribución, etc. | 2008. |
| 300 ## - DESCRIPCIÓN FÍSICA | |
| Extensión | 406 p. ; |
| Dimensiones | 21 cm. |
| 490 1# - MENCIÓN DE SERIE | |
| Mención de serie | CEU ; |
| Designación de volumen o secuencia | 1 |
| 520 ## - RESUMEN, ETC. | |
| Sumario, etc. | Bajo el subtitulo Tradición clásica y modernidad, los trabajos reunidos en este libro son el resultado de varios seminarios en torno a la esencia o identidad de Europa y su relación con el cristianismo. Los seminarios tuvieron lugar durante los cursos 2005-2007 en el Instituto CEU de Humanidades Ángel Ayala, en la Universidad CEU San Pablo. Esta publicación se puede resumir en tres partes. La primera estudia importantes jalones de historia actual. La segunda aborda cuestiones de historia del pensamiento. La tercera versa sobre arte y literatura. Cada una va precedida por una enjundiosa introducción de autoridad a cargo de Luis Suárez Fernández, Enrique Martín López y José Luis Varela Iglesias, respectivamente. |
| 650 #7 - PUNTO DE ACCESO ADICIONAL DE MATERIA--TÉRMINO DE MATERIA | |
| Término de materia o nombre geográfico como elemento de entrada | Cristianismo y cultura- |
| Subdivisión geográfica | Europa- |
| Subdivisión de forma | Historia. |
| 9 (RLIN) | 147975 |
| 650 07 - PUNTO DE ACCESO ADICIONAL DE MATERIA--TÉRMINO DE MATERIA | |
| Término de materia o nombre geográfico como elemento de entrada | Identidad cultural- |
| Subdivisión geográfica | Europa. |
| 9 (RLIN) | 13539 |
| 651 #7 - PUNTO DE ACCESO ADICIONAL DE MATERIA--NOMBRE GEOGRÁFICO | |
| Nombre geográfico | Europa- |
| Subdivisión general | Civilización. |
| 9 (RLIN) | 8584 |
| 700 0# - ENTRADA AGREGADA--NOMBRE PERSONAL | |
| Nombre de persona | Negro Pavón, Dalmacio |
| 9 (RLIN) | 85316 |
| Término indicativo de función/relación | Autor |
| 700 1# - ENTRADA AGREGADA--NOMBRE PERSONAL | |
| Nombre de persona | Sánchez Garrido, Pablo |
| 9 (RLIN) | 147976 |
| Término indicativo de función/relación | Autor |
| 710 2# - ENTRADA AGREGADA--NOMBRE DE ENTIDAD CORPORATIVA | |
| Nombre de entidad corporativa o nombre de jurisdicción como elemento de entrada | Fundación Universitaria San Pablo |
| 9 (RLIN) | 147977 |
| 830 0# - PUNTO DE ACCESO ADICIONAL DE SERIE-TÍTULO UNIFORME | |
| Título uniforme | CEU ; |
| Designación de volumen o secuencia | 1 |
| 9 (RLIN) | 224410 |
| 852 ## - LOCALIZACIÓN | |
| Ubicación | ES-MaACL |
| itemnumber | 186021 |
| Sublocalización o colección | R.146362 |
| Número de control de estantería | A-11530 |
| Signatura antigua | Olim: N-4534 |
| Ubicación en estantería | Depósito 1 |
| 942 ## - ELEMENTOS DE ENTRADA SECUNDARIOS (KOHA) | |
| Fuente del sistema de clasificación o colocación | Clasificación decimal universal |
| Tipo de ítem Koha | Libro impreso |
| Suprimir en OPAC | No |
| Estatus retirado | Estado de pérdida | Fuente del sistema de clasificación o colocación | Estado de daño | No para préstamo | Biblioteca de origen | Biblioteca actual | Ubicación en estantería | Fecha de adquisición | Fuente de adquisición | Total de préstamos | Signatura topográfica completa | Código de barras | Visto por última vez | Precio de reemplazo | Tipo de ítem Koha |
|---|---|---|---|---|---|---|---|---|---|---|---|---|---|---|---|
| Clasificación decimal universal | Biblioteca del Ateneo de Madrid | Biblioteca del Ateneo de Madrid | Depósito 1 | 19/09/2011 | Compra | A-11530 | 1188188 | 23/02/2023 | 23/02/2023 | Libro impreso |
